00546cam a22002054a 45000010009000000050017000090080041000260100017000670200036000840200022001200400018001420410008001600420008001680800015001760820019001911000007002101010008002172450049002255040066002741235485220180214075301.0010322s2002 nju b 001 0 eng  a 2001033000 a0805835660 (cloth : alk. paper) a0805835679 (pbk.) aDLCcDLCdDLC aeng apcc a302.34 MON00a302.34 MON2211 a50 aSOC10aWomen and men as friends :cMichael Monsour. aIncludes bibliographical references (p. 231-262) and indexes.